Embedding librarianship in learning management systems (Registro nro. 300269)

Detalles MARC
000 -ENCABEZADO
Número de control [NR] 01104cam a2200265 a 4500
005 - FECHA Y HORA DE LA ÚLTIMA TRANSACCIÓN
control field 20150916154454.0
008 - DE LONGITUD FIJA DE DATOS DE ELEMENTOS - INFORMACIÓN GENERAL
Elementos de longitud fija [NR] 150916s 2013xxuad fr 001 0 eng d
020 ## - NUMERO INTERNACIONAL NORMALIZADO PARA LIBROS [R]
Número Internacional Normalizado del libro [NR] 9781555708627
040 ## - FUENTE DE CATALOGACION [NR]
Agencia de catalogación original [NR] CO-BoUCM
Idioma de catalogación [NR] spa
Quien Cataloga Jose A. Gerena
Quien Clasifica Jose A. Gerena
041 0# - CODIGO DE IDIOMA [R]
Código de idioma para texto/pista de sonido o título separado [R] Inglés
100 1# - ASIENTO PRINCIPAL--NOMBRE PERSONAL [NR]
Nombre personal [NR] Tumbleson, Beth E.
ID Autoridad 71570
245 10 - MENCION DE TITULO [NR]
Título [NR] Embedding librarianship in learning management systems
Parte restante del título [NR] a how-to-do-it manual
Mención de responsabilidad, etc. [NR] Beth E. Tumbleson and John J. Burke
260 ## - PUBLICACION, DISTRIBUCION, ETC. (PIE DE IMPRENTA) [R]
Lugar de publicación, distribución, etc. [R] Chicago (Illinois, Estados Unidos)
Nombre del editor, distribuidor, etc. [R] Neal-Schuman, an imprint of the American Library Association
Fecha de publicación, distribución, etc. [R] 2013
300 ## - DESCRIPCION FISICA [R]
Extensión [R] xv, 166 páginas
Otros detalles físicos [NR] ilustraciones
504 ## - NOTA DE BIBLIOGRAFIA, ETC. [R]
Nota de bibliografía, etc. [NR] Incluye referencias bibliográficas e índices
541 ## - NOTA DE FUENTE INMEDIATA DE ADQUISICION [R]
Fuente de adquisición [NR] Amazon;
Método de adquisición [NR] Compra;
Fecha de adquisición [NR] 02/10/2013;
Precio de compra [NR] $122.768,46;
Extensión [R] c. 1.
650 #7 - ASIENTO SECUNDARIO DE MATERIA - TERMINO TEMATICO [R]
Término temático o nombre geográfico como elemento de entrada [NR] Bibliotecología
9 (RLIN) 10049
650 #7 - ASIENTO SECUNDARIO DE MATERIA - TERMINO TEMATICO [R]
Término temático o nombre geográfico como elemento de entrada [NR] Bibliotecas académicas
Subdivisión general [R] Administración
9 (RLIN) 10026
650 #7 - ASIENTO SECUNDARIO DE MATERIA - TERMINO TEMATICO [R]
Término temático o nombre geográfico como elemento de entrada [NR] Administración de bibliotecas
9 (RLIN) 8533
650 #7 - ASIENTO SECUNDARIO DE MATERIA - TERMINO TEMATICO [R]
Término temático o nombre geográfico como elemento de entrada [NR] Alfabetización informacional
9 (RLIN) 8804
690 ## - ASUNTO AGREGADO LOCAL DE ENTRADA - TÉRMINO TEMÁTICO (OCLC, RLIN)
9 (RLIN) 42748
Acceso temático local Bibliotecología
700 1# - ASIENTO SECUNDARIO - NOMBRE PERSONAL [R]
Nombre personal [NR] Burke, John
9 (RLIN) 71571
942 ## - ELEMENTOS DE ENTRADA AGREGADOS (KOHA)
Sistema de clasificación DEWEY
Tema principal Generalidades
Tipo de ítem principal el descrito en 300a Libro
Edición 1
Clasificación 027.7
Parte restante de la signatura top. T925
Existencias
Signatura topográfica Código de barras Última vez visto Ejemplar Costo de reposición Price effective from Tipo de ítem Nota pública (OPAC) Perdido Sistema de clasificación Dañado No prestable Tipo de ítem específico Suprimido Ubicación habitual Ubicación actual Localización Fecha de creación Proveedor Forma de adquisición Costo
027.7 T925 100147059 04/12/2025 Ej.1 181990.00 13/08/2015 Libro Spot de bibliotecología   DEWEY     Libro   Claustro Claustro Oficina CRAI 13/08/2015 15 Compra 181990.00